Integrando el Centro de Recursos para el Aprendizaje al curriculum
Salvato in:
| Ente Autore: | |
|---|---|
| Natura: | Libro |
| Lingua: | spagnolo |
| Pubblicazione: |
Santiago
Ministerio de Educación
1999
|
| Soggetti: | |
| Tags: |
Aggiungi Tag
Nessun Tag, puoi essere il primo ad aggiungerne!!
|
MARC
| LEADER | 00000nam a2200000 a 4500 | ||
|---|---|---|---|
| 001 | UCH6208 | ||
| 003 | CL-VaPUC | ||
| 005 | 20220315074421.0 | ||
| 008 | 091109e19990000cl 1 spa d | ||
| 020 | |a 9567405980 | ||
| 082 | 0 | 4 | |a 371.307 |b MIN |2 21 |
| 110 | 2 | |a Ministerio de Educación |e author |9 621482 | |
| 245 | 1 | 0 | |a Integrando el Centro de Recursos para el Aprendizaje al curriculum |
| 260 | |a Santiago |b Ministerio de Educación |c 1999 | ||
| 300 | |a 390 p | ||
| 583 | |a last modification |c 20190908 07:07:23 |k Rodrigo Vera | ||
| 650 | 0 | 7 | |a BIBLIOTECA ESCOLARES |2 CL-VaPUC |9 619709 |
| 650 | 0 | 7 | |a CENTRO DE RECURSOS PARA EL APRENDIZAJE |2 CL-VaPUC |9 621483 |
| 650 | 0 | 0 | |a Congresos |9 257560 |
| 942 | |c BK | ||
| 945 | |a lazolas |d 20091109 00:00:00 | ||
| 546 | |a En Español | ||
| 536 | |a Ministerio de Educación | ||
| 518 | |p Seminario internacional de bibliotecarios escolares, 1, Santiago, 27 al 29 de Octubre, 1999 | ||
| 999 | |c 384477 |d 384475 | ||